| 000 | 00520nam a2200169 a 4500 | ||
|---|---|---|---|
| 005 | 20140412111238.0 | ||
| 008 | 001109s19uu xx 00 eng d | ||
| 020 | _a0-86227-952-7 | ||
| 050 |
_aER _bGo57 1992 |
||
| 245 |
_aGoldilocks and the three bears / _cillustrated by Pam Storey ; Story re-told by Grace De La Touche. |
||
| 260 |
_aLondon : _bGrandreams Ltd, _c1993. |
||
| 300 | _a[20] p. ; ill. | ||
| 440 | _aA Good night sleep tight storybook | ||
| 650 | _aFairy tales | ||
| 650 | _aFolklore | ||
| 999 |
_c102567 _d102567 |
||